Personnages de Brawl Stars - Statistiques

Statistiques générales
  • Ce quiz a été pris 17 836 fois
    17 704 depuis la dernière actualisation
  • Le résultat moyen est 41 sur 82
Statistiques - réponses
Rareté Noms % Correct
Début Shelly
95%
Rare Colt
86%
Légendaire Léon
81%
Légendaire Corbac
79%
Rare El Costo
78%
Légendaire Spike
77%
Rare Bull
75%
Rare Bartaba
73%
Rare Nita
72%
Rare Rosa
70%
Rare Poco
69%
Mythique Mortis
68%
Epique Polly
67%
Super rare Jessie
65%
Rare Brock
64%
Super rare Dynamike
64%
Epique Frank
64%
Epique Edgar
63%
Epique Bo
61%
Super rare Ricochet
61%
Légendaire Surge
61%
Super rare Penny
60%
Légendaire Ambre
58%
Super rare Darryl
58%
Légendaire Émeri
56%
Légendaire Kit
56%
Légendaire Meg
55%
Super rare Tick
55%
Mythique Tara
54%
Epique Pam
53%
Super rare A.R.K.A.D.
51%
Epique Billie
50%
Epique Eliz@
50%
Epique Gaël
50%
Super rare Jacky
50%
Super rare Carl
49%
Mythique D’jinn
49%
Mythique Buzz
48%
Légendaire Chester
48%
Légendaire Cordelius
47%
Légendaire Draco
47%
Epique Mandy
47%
Mythique Max
46%
Epique Béa
45%
Super rare Gus
44%
Epique Stu
44%
Epique Colette
43%
Epique Belle
42%
Mythique Byron
42%
Mythique Fang
42%
Epique Hank
42%
Epique Larry & Lawrie
41%
Epique Berry
40%
Mythique Lily
40%
Epique Nani
40%
Epique Grom
39%
Mythique Lou
39%
Mythique Wally
39%
Epique Angelo
38%
Epique Sam
38%
Mythique Janet
37%
Epique Ash
36%
Epique Bonnie
36%
Epique Griff
36%
Epique Maisie
36%
Mythique Médor
36%
Mythique Melodie
36%
Mythique Mico
36%
Mythique Monsieur M.
36%
Mythique Squeak
36%
Mythique Doug
35%
Epique Lola
35%
Mythique Chuck
34%
Mythique Eve
34%
Mythique Willow
34%
Mythique Charlie
33%
Mythique Gray
33%
Mythique Buster
32%
Mythique Otis
32%
Epique Pearl
31%
Mythique R-T
31%
Mythique Clancy
27%
Aucun quiz correspondant
Distribution des résultats
% des personnes avec chaque résultat
Percentile par nombre de réponses
Votre historique - résultats
Vous n’avez pas pris ce quiz depuis la dernière actualisation